Movies Quiz

Random Movies or Star Wars Quiz

Name the Star Wars movies by Event Quiz Stats

 Plays Quiz not verified by Sporcle

Challenge
Share
Tweet
Embed
Score 0/28 Timer 10:00
0 Plays Today
Criteria Two movies % Correct
Luke Skywalker uses his father’s former lightsaber.???
86.7%
Darth Sidious uses Force lightning.???
81.7%
At one point in the movie, Anakin Skywalker is a Padawan learner.???
78.3%
Obi-Wan cuts someone’s arm off in a cantina.???
78.3%
A member of the Fett family dies.???
75%
At least three Jedi die.???
73.3%
At one point in the movie, Luke Skywalker is a Jedi.???
70%
The planet Yavin IV is seen.???
68.3%
A lightsaber duel occurs on the Death Star.???
68.3%
The planet Dagobah is seen.???
68.3%
Obi-Wan wins a lightsaber duel despite his enemy having the high ground.???
66.7%
The planet Mustafar is seen.???
65%
At least one planet is entirely destroyed.???
65%
A space battle in an asteroid field is featured.???
63.3%
Criteria Two movies % Correct
A woman has the lead role.???
63.3%
There is more than one scene in a snowy area.???
63.3%
The planet Alderaan is seen.???
61.7%
No one uses a blue lightsaber.???
61.7%
Yoda climbs on someone’s shoulders.???
60%
Someone says « He is too old ».???
58.3%
A Sith Lord is injured or killed by a green lightsaber.???
53.3%
A battle involves AT-ATs.???
51.7%
A Supreme Chancellor other than Palpatine/Darth Sidious is seen.???
46.7%
A lightsaber duel ends up with no one killed, but two people wounded*.???
45%
Someone who was never Jedi or Sith participates in a lightsaber duel.???
45%
No planet is unique to this movie.???
40%
At the end of the movie, someone escapes with plans of the Death Star.???
40%
The main character (the one with the most lines of dialogue) dies.???
31.7%

You're not logged in!

Compare scores with friends on all Sporcle quizzes.
OR
Log In

You Might Also Like...

Show Comments

Extras

Top Quizzes Today


Score Distribution

Your Account Isn't Verified!

In order to create a playlist on Sporcle, you need to verify the email address you used during registration. Go to your Sporcle Settings to finish the process.

Report this User

Report this user for behavior that violates our Community Guidelines.

Details: